Infinite Craft country recipes #1 - Statistics

General Stats
  • This quiz has been taken 23 times
  • The average score is 6 of 20
Answer Stats
Element 1 Element 2 Answer % Correct
Trump Wall Mexico
96%
Shark South America Chile
57%
Edelweiss Europe Austria
48%
Paraguay Surf Uruguay
48%
Ant island Bratislava Slovakia
39%
Dhaka Fire Bangladesh
35%
Island Rihanna Barbados
35%
Forest Goulash Hungary
35%
Ice Kosovo Serbia
35%
Maldives Seal Seychelles
26%
Cough Eurovision Bulgaria
22%
Melanesia Sun Solomon Islands
22%
Oasis Tiki Taka Algeria
17%
Africa Tuna Tunisia
17%
Blue Hole Rainforest Belize
13%
Africa Oil Nigeria
13%
Andes Norway Andorra
9%
Africa Tonga Zambia
9%
Africa Sake Zimbabwe
9%
Africa Invisible Ghana
4%
No matching quizzes found
Score Distribution
Percent of People with Each Score
Percentile by Number Answered
Your Score History
You have not taken this quiz